[Event "NRW Class1 0708"]
[Site "Germany"]
[Date "2007.12.09"]
[Round "4.8"]
[White "Kloke, Stephan"]
[Black "Saoudi, Lahcen"]
[Result "0-1"]
[WhiteElo "2165"]
[BlackElo "2124"]
[PlyCount "96"]
[EventDate "2007.09.16"]
[EventType "team"]
[EventRounds "9"]
[EventCountry "GER"]
[SourceTitle "EXT 2009"]
[Source "ChessBase"]
[SourceDate "2008.11.26"]
[SourceVersion "1"]
[SourceVersionDate "2008.11.26"]
[SourceQuality "1"]
[WhiteTeam "Koeln Porz II"]
[BlackTeam "Elberfeld"]
[WhiteTeamCountry "GER"]
[BlackTeamCountry "GER"]

1. e4 d6 2. d4 g6 3. Nf3 Bg7 4. Be2 Nf6 5. 0-0 Nxe4 6. Nc3 Nxc3 7. bxc3 0-0 8. Bg5 h6 9. Be3 c5 10. Qd2 Kh7 11. Bd3 Qc7 12. h4 Bg4 13. Nh2 Be6 14. h5 c4 15. Be2 d5 16. f4 Nd7 17. g4 Nf6 18. Bf3 gxh5 19. gxh5 Bh3 20. Rfe1 Rg8 21. Kh1 Bf5 22. Rg1 Ne4 23. Qe1 Qa5 24. Bd2 Bxd4 25. cxd4 Rxg1+ 26. Kxg1 Rg8+ 27. Kh1 Qxd2 28. Qxd2 Nxd2 29. Bxd5 Be4+ 30. Bxe4+ Nxe4 31. Nf3 Ng3+ 32. Kh2 Nxh5 33. f5 Nf4 34. Re1 Rg2+ 35. Kh1 Re2 36. Rb1 b6 37. c3 Rxa2 38. Ne5 Ne2 39. Nxf7 Nxc3 40. Rc1 Ra3 41. d5 b5 42. d6 exd6 43. Nxd6 Ra6 44. Ne8 Ne2 45. Rb1 Rb6 46. f6 Kg6 47. Rb2 Ng3+ 48. Kh2 Ne4 0-1

[Event "Ruhrhalbinsel op"]
[Site "Essen"]
[Date "2006.05.26"]
[Round "4"]
[White "Henrichs, Thomas"]
[Black "Saoudi, Lahcen"]
[Result "1-0"]
[WhiteElo "2462"]
[BlackElo "1922"]
[PlyCount "77"]
[EventDate "2006.05.24"]
[EventType "swiss"]
[EventRounds "7"]
[EventCountry "GER"]
[SourceTitle "EXT 2007"]
[Source "ChessBase"]
[SourceDate "2006.11.23"]
[SourceVersion "1"]
[SourceVersionDate "2006.11.23"]
[SourceQuality "1"]

1. d4 d5 2. c4 c6 3. Nc3 Nf6 4. Nf3 Bf5 5. cxd5 Nxd5 6. Nd2 Nxc3 7. bxc3 e5 8. e3 Nd7 9. Be2 exd4 10. cxd4 Nf6 11. 0-0 Be7 12. Nc4 0-0 13. f3 Nd5 14. Qb3 Nb6 15. Na5 Rb8 16. Rd1 Be6 17. Qc2 Bd6 18. Bf1 Qg5 19. Nb3 Qh5 20. g4 Qh4 21. Nc5 Nd5 22. Rb1 Nf6 23. Qf2 Qxf2+ 24. Kxf2 Bxa2 25. Rxb7 Rxb7 26. Nxb7 Bxh2 27. g5 Nh5 28. Na5 Bg3+ 29. Kg2 Rc8 30. Ba6 Rc7 31. Ba3 f6 32. Rh1 g6 33. gxf6 Nxf6 34. Kxg3 Be6 35. Bd6 Rf7 36. Nxc6 Bb3 37. Ne5 Rg7 38. Rb1 Bf7 39. Rb8+ 1-0